000
00361nam a2200133Ia 4500
008
231129s1995||||xx |||||||||||||| ||spa||
020
_a
84-487-0213-1
082
_a
193 H972in
100
_a
Husserl Edmund.
245
0
_a
Investigaciones lógicas (I)
260
_c
1995
264
_a
Barcelona : Altaya
942
_2
ddc
_c
BKS
999
_c
16008
_d
16008